书目信息 |
| 题名: |
中国林业出版社杂志社50周年文集
|
|
| 作者: | 本书编委会编 | |
| 分册: | ||
| 出版信息: | 北京 中国林业出版社 2003.07 |
|
| 页数: | 440页 | |
| 开本: | 26cm | |
| 丛书名: | ||
| 单 册: | ||
| 中图分类: | G239.22-53 | |
| 科图分类: | ||
| 主题词: | 出版工作 | |
| 电子资源: | ||
| ISBN: | 7-5038-3487-0 | |
| 000 | 00620nam0 2200193 450 | |
| 001 | 0840599204 | |
| 005 | 20080110111707.34 | |
| 010 | @a7-5038-3487-0@dCNY50.00 | |
| 100 | @a20080110d2003 km y0chiy0120 ea | |
| 101 | 0 | @achi |
| 102 | @aCN@b110000 | |
| 200 | 1 | @a中国林业出版社杂志社50周年文集@Azhong guo lin ye chu ban she za zhi she 50 zhou nian wen ji@f本书编委会编@Fben shu bian wei hui bian |
| 210 | @a北京@c中国林业出版社@d2003.07 | |
| 215 | @a440页@d26cm | |
| 606 | 0 | @a出版工作 |
| 690 | @aG239.22-53@v4 | |
| 801 | 0 | @aCN@b大连网信软件有限公司图书馆@c20080110 |
| 905 | @aBZT@dG239.22-53@e1 | |
| 906 | @dCNY50.00@n0@r1 | |
| 中国林业出版社杂志社50周年文集/本书编委会编.-北京:中国林业出版社,2003.07 |
| 440页;26cm |
| ISBN 7-5038-3487-0:CNY50.00 |
| ● |
| 相关链接 |
|
|
|
正题名:中国林业出版社杂志社50周年文集
索取号:G239.22-53/1
 
预约/预借
| 序号 | 登录号 | 条形码 | 馆藏地/架位号 | 状态 | 备注 |
| 1 | 602580 | 2000602580 | 中心书库北库/ 北库032架B面2列4层28/ [索取号:G239.22-53/1] | 在馆 | |
| 2 | 602581 | 2000602581 | 中心书库北库/ 北库032架B面2列4层24/ [索取号:G239.22-53/1] | 在馆 | |
| 3 | 602582 | 2000602582 | 中心书库北库/ 北库032架B面2列4层27/ [索取号:G239.22-53/1] | 在馆 | |
| 4 | 602583 | 2000602583 | 中心书库北库/ 北库032架B面2列4层25/ [索取号:G239.22-53/1] | 在馆 | |
| 5 | 602584 | 2000602584 | 中心书库北库/ 北库032架B面2列4层26/ [索取号:G239.22-53/1] | 在馆 |